| 000 | 00707nam a2200205Ii 4500 | ||
|---|---|---|---|
| 003 | JO-AjNU | ||
| 008 | 230605s9999||||xx |||||||||||||| ||und|| | ||
| 017 | _a2004/5/1173 | ||
| 040 |
_aJO-AjNU _bara _erda _cJO-AjNU |
||
| 041 | _aara | ||
| 050 | 1 | 4 | _aBP166.87.W3452 2004 |
| 100 | 3 |
_aولويل، كامل جميل, _eauthor _99450 |
|
| 245 | 0 | 0 | _aالمسلمون جميعا في الجنة بإذنه تعالى |
| 264 | 3 | 1 | _aعمان-بيروت: دار البشير، مؤسسة الرسالة، 2004 |
| 300 | _a167ص | ||
| 336 |
_atext _btxt _2rdacontent |
||
| 337 |
_aunmediated _bn _2rdamedia |
||
| 338 |
_avolume _bnc _2rdacarrier |
||
| 650 | 4 |
_aالثقافة الاسلامية- الاسلام _99451 |
|
| 999 |
_aA1308 _c4876 _d4876 |
||